000 00352cam a2200145ua 4500
041 _aeng
_h
082 _a821
_bELI/CO
100 _aEliot, T.S .
245 _aCollected poems ,1909-1962 /
_cT.S Eliot.
_hTextual Documents
260 _aLondon :
_bFaber and Faber Ltd ,
_c1963.
300 _a238 ; .
504 _a
942 _cBK
999 _c656
_d656